000 00577nam a2200217Ii 4500
003 JO-AjNU
008 230606s9999||||xx |||||||||||||| ||und||
020 _a81-239-0657-9
040 _aJO-AjNU
_beng
_erda
_cJO-AjNU
041 _aeng
050 1 4 _aTA405.2014
100 3 _aBasavarajaiah,
_eauthor
_93899
245 0 0 _aStrength of materilas
250 _a2 ed
264 3 1 _aNew Delhi:CBC, 2014
300 _a641p
336 _atext
_btxt
_2rdacontent
337 _aunmediated
_bn
_2rdamedia
338 _avolume
_bnc
_2rdacarrier
650 4 _aStrength of materilas
_93900
999 _aE2033
_c2032
_d2032